| 000 | 00407nam a22001697a 4500 | ||
|---|---|---|---|
| 005 | 20160513151104.0 | ||
| 008 | 160513b xxu||||| |||| 00| 0 eng d | ||
| 020 | _a0978-0-07-014491-0 | ||
| 041 | _aeng | ||
| 082 | _b2104 | ||
| 100 |
_aRajan Saxena _9597 |
||
| 245 | _aMarketing Management | ||
| 260 |
_aNew Delhi _bTata McGraw Hill Ltd. _c2009 |
||
| 300 | _a793 | ||
| 650 |
_aManagement _9241 |
||
| 942 | _cBK | ||
| 999 |
_c770 _d770 |
||